1575 1511 1724 1637 1872 1117 1754 1305 1642 1839 1897 1691 1378 1601 1270 1981 1187 1927 1416 1842 1952 1040 1190 1441 1965 1651 1941 1630 1830 1249 1647 1946 1720 1745 1434 1424 1544 1090 1811 1566 1811 1636 1559 1070 1496 1489 1548 1977 1306 1404 1307 1126 1293 1585 1749 1879 1369 1311 1780 1316 1701 1419 1239 1517 1117 1286 1750 1275 1629 1147 1011 1938 1541 1308 1631 1597 1430 1579 1412 1215 1017 1954 1914 1812 1089 1922 1986 1482 1108 1847 1416 1069 1458 1516 1745 1400 1233 1530 1583 BCNSPRNW ULIB Ver.6.0+V

เปลี่ยนเป็นภาษาไทย

Change to English
 แสดงรายละเอียดบรรณานุกรม
  กลับหน้าหลัก

Brief Record : Get Marc (ISO 2709) : E-mail record : QR code < ปิดหน้าต่าง
LEADER : 00000nam 2200000uu 4500
001    13399113535
003     ULIB
008    111124s2542||||th 000 0 tha d
020    ^a9746114972(ล.2)
060  4 ^aWA^bม226ก ล.2 2542
110 1  ^aมหาวิทยาลัยสุโขทัยธรรมาธิราช^bสาขาวิชาวิทยาศาสตร์สุขภาพ
245 00 ^aเอกสารการสอนชุดวิชา การฝึกปฏิบัติงานสาธารณสุข หน่วยที่8-15=^bPublic Health Field Training /^cมหาวิทยาลัยสุโขทัยธรรมาธิราช
246 0  ^aPublic Health Field Training
250    ^aพิมพ์ครั้งที่ 12
260    ^aนนทบุรี:^bศูนย์หนังสือมหาวิทยาลัยสุโขทัยธรรมาธิราช,^c2542
300    ^a838 หน้า
650  7 ^aสาธารณสุขมูลฐาน
650  7 ^aหลักเศรษฐศาสตร์
945    ^p0^l0^i10463
945    ^p0^l0^i10464
995    ^aกัณชพร
999    ^aใช้งานได้ทุกระบบ
รายการนี้ยังไม่มีแท็ก
คุณยังไม่ได้ล็อกอิน คุณสามารถมีกิจกรรมร่วมกับเว็บไซต์ได้ แต่ต้องล็อกอินก่อน ::
  ล็อกอิน

รายการสื่อสารสนเทศ

ลำดับที่ ประเภท เลขเรียก/บาร์โค้ด สถานที่ สถานะ
- ไม่พบข้อมูล -

รายการใกล้เคียง
    หัวเรื่อง [สาธารณสุขมูลฐาน]
    หัวเรื่อง [หลักเศรษฐศาสตร์]

BibComment


ยังไม่เคยถูกคอมเมนท์

คอมเมนท์ทรัพยากรรายการนี้
  คอมเมนท์: เอกสารการสอนชุดว..


 Copyright 2026. Bcnsprnw @Library